Todos los planteles de la Seleccion Argentina - Estadísticas

Estadísticas generales
  • Esta prueba ha sido intentada 387 veces
    374 desde el último reinicio
  • La puntuación promedio es 120 de 299
Estadísticas de respuestas
Jugadores % Correcto
Cristian Romero
99%
Emiliano Martínez
99%
Lautaro Martínez
99%
Lionel Messi
99%
Lisandro Martínez
99%
Julián Álvarez
98%
Sergio Romero
98%
Ángel Di Maria
97%
Franco Armani
97%
Marcos Acuña
96%
Ricardo Álvarez
96%
Enzo Fernández
93%
Nicolás Otamendi
93%
Sergio Agüero
93%
Guido Rodríguez
92%
Nicolás Tagliafico
92%
Rodrigo De Paul
92%
Augusto Fernández
91%
Federico Fernández
91%
Gerónimo Rulli
91%
Leandro Paredes
91%
Luis Monti
91%
Clemente Rodríguez
90%
Diego Maradona
90%
Gonzalo Higuaín
90%
Leonardo Rodriguez
90%
Maxi Rodríguez
90%
Gonzalo Montiel
89%
Alexis Mac Allister
88%
Oscar Más
88%
Nahuel Molina
86%
Ángel Correa
84%
Francisco Sa
83%
Javier Mascherano
83%
Paulo Dybala
82%
Rodrigo Palacio
82%
Germán Pezzella
81%
Juan Foyth
81%
Wilfredo Caballero
81%
Alejandro Gómez
80%
Juan Román Riquelme
78%
Lucas Biglia
78%
Martín Palermo
78%
Gabriel Batistuta
77%
Marcos Rojo
77%
Hernán Crespo
76%
Thiago Almada
76%
Alberto González
75%
Cristian González
75%
Enzo Pérez
75%
Exequiel Palacios
75%
Lucho González
75%
Claudio Caniggia
74%
Alfredo Pérez
73%
Hugo Pérez
73%
Carlos Tévez
72%
Martín Demichelis
72%
Esteban Cambiasso
71%
Mario Kempes
71%
Maximiliano Meza
71%
Pablo Zabaleta
71%
Gabriel Heinze
70%
Arcadio López
69%
Claudio López
69%
Cristian Pavón
69%
Fernando Gago
69%
Gustavo López
69%
Juan Sebastián Verón
69%
Mariano Andújar
69%
Nelson López
69%
Pablo Aimar
69%
Sergio Goycochea
69%
Daniel Passarella
68%
Éver Banega
68%
Gabriel Mercado
68%
Óscar Ruggeri
68%
Roberto Abbondanzieri
68%
Ariel Ortega
67%
Javier Zanetti
67%
Juan Pablo Sorín
66%
Roberto Ayala
66%
Rubén Ayala
66%
Agustín Orion
65%
Giovani Lo Celso
65%
Javier Saviola
65%
Jorge Burruchaga
65%
Ezequiel Garay
64%
Nery Pumpido
61%
Walter Samuel
61%
Ezequiel Lavezzi
60%
Jorge Valdano
59%
José Luis Brown
59%
Marcelo Gallardo
59%
Carmelo Simeone
58%
Diego Milito
58%
Diego Simeone
58%
Federico Fazio
58%
Gabriel Milito
58%
Lionel Scaloni
58%
Ubaldo Fillol
58%
Nahuel Guzmán
57%
Ricardo Bochini
53%
Jonás Gutiérrez
52%
Luís Islas
52%
Sergio Batista
52%
Fernando Redondo
51%
Ramón Díaz
51%
Hernán Díaz
50%
Germán Burgos
49%
Eduardo Salvio
48%
Hugo Campagnaro
48%
Amadeo Carrizo
47%
Cristian Ansaldi
46%
Héctor Enrique
46%
Pablo Cavallero
46%
Julio Cruz
45%
Claudio Borghi
44%
Javier Pastore
44%
Nicolás Burdisso
44%
Osvaldo Cruz
44%
Leo Franco
43%
José María Basanta
42%
Leopoldo Luque
42%
Norberto Alonso
42%
Carlos Roa
41%
Matías Almeyda
41%
Ariel Garcé
40%
Diego Placente
40%
Américo Gallego
39%
Roberto Bonano
39%
Alberto Tarantini
38%
José Cuciuffo
38%
Julio Olarticoechea
38%
Pedro Troglio
38%
Ángel Labruna
36%
Antonio Rattín
36%
Diego Pozo
36%
Hugo Gatti
36%
Oscar Ustari
36%
René Houseman
36%
Daniel Bertoni
35%
Abel Balbo
34%
Antonio Roma
33%
Guillermo Stábile
33%
Osvaldo Ardiles
33%
Roberto Sensini
33%
Mauricio Pochettino
32%
Pablo Paz
32%
Néstor Rossi
31%
Oscar Rossi
31%
Patricio Hernández
31%
Roberto Perfumo
31%
Oscar Garré
30%
Pedro Monzón
29%
Rogelio Domínguez
29%
Héctor Baley
28%
Leonardo Astrada
28%
Silvio Marzolini
28%
Alfredo Rojas
27%
Carlos Tapia
27%
José Chamot
27%
José Sanfilippo
27%
Ricardo Giusti
27%
Ricardo La Volpe
27%
Edgardo Bauza
26%
Fabricio Coloccini
26%
Jorge Olguín
26%
José Delgado
26%
Marcelo Delgado
26%
Pedro Pasculli
26%
José Basualdo
25%
Leandro Cufré
25%
Vicente Francisco Pérez
25%
Enzo Trossero
24%
Ricardo Villa
24%
Alfonso Lorenzo
23%
Carlos Babington
23%
Mario Bolatti
23%
Miguel Santoro
23%
Néstor Lorenzo
23%
Sergio Berti
23%
Constantino Urbieta Sosa
22%
Fernando Cáceres
22%
José Valencia
22%
Rubén Sosa
22%
Enrique Wolff
21%
Luis Galván
21%
Néstor Clausen
21%
Omar Larrosa
21%
Rubén Galván
21%
Gabriel Calderón
20%
Miguel Brindisi
20%
Pedro Suárez
20%
Carlos Peucelle
19%
Jorge Solari
19%
Juan Simón
19%
Manuel Ferreira
19%
Vladislao Cap
19%
Claudio Husaín
18%
José Serrizuela
18%
Luis Artime
18%
Nelson Vivas
18%
Oscar Ortiz
18%
Ramón Medina Bello
18%
Sergio Vázquez
18%
Aldo Poy
17%
Marcelo Trobbiani
17%
Sergio Almirón
17%
Daniel Killer
16%
Ermindo Onega
16%
Hector Zelada
16%
José Ramos Delgado
16%
Alejandro Mancuso
15%
Fabian Cancelarich
15%
Federico Edwards
15%
José Pastoriza
15%
Jorge Borelli
14%
Mauricio Pineda
14%
Santiago Santamaría
14%
Gustavo Dezotti
13%
Juan Barbas
13%
Néstor Fabbri
13%
Norberto Scoponi
13%
Ramón Heredia
13%
Roberto Cherro
13%
Rubén Navarro
13%
Ángel Bossio
11%
Agustín Balbuena
10%
Atilio Demaría
10%
Eliseo Prado
10%
Ernesto Albarracín
10%
Héctor Yazalde
10%
Julio Musimessi
10%
Miguel Oviedo
10%
Orestes Corbatta
10%
Rafael Albrecht
10%
Raúl Páez
10%
Rubén Pagnanini
10%
Alberto Chividini
9%
Alejandro Scopelli
9%
Ángel Bargas
9%
Carlos Spadaro
9%
Carlos Squeo
9%
Eliseo Mouriño
9%
Federico Vairo
9%
Francisco Varallo
9%
Jorge Carrascosa
9%
José Van Tuyne
9%
José Varacka
9%
Juan Botasso
9%
Juan Evaristo
9%
Juan Lombardo
9%
Ludovico Avio
9%
Marcelo Pagani
9%
Mario Evaristo
9%
Norberto Boggio
9%
Norberto Menéndez
9%
Raúl Belén
9%
Ricardo Infante
9%
Roberto Ferreiro
9%
Roberto Telch
9%
Alberto Galateo
8%
Alberto Mariotti
8%
Alberto Sainz
8%
Ángel Grippa
8%
Aníbal Tarabini
8%
David Acevedo
8%
Edmundo Paggio
8%
Enrique Chimento
8%
Ernesto Belis
8%
Federico Sacchi
8%
Héctor Facundo
8%
Juan Carlos Oleniak
8%
Juan Pedevilla
8%
Luis Izzeta
8%
Martín Pando
8%
Natalio Perinetti
8%
Oscar Calics
8%
Pedro Dellacha
8%
Ramón Abeledo
8%
Ramón Astudillo
8%
Rolando Irusta
8%
Rubén Glaria
8%
Adolfo Zumelzú
7%
Daniel Carnevali
7%
Enrique Chazarreta
7%
Federico Wilde
7%
Fernando Paternoster
7%
Héctor Freschi
7%
José Della Torre
7%
José Nehin
7%
Juan Carlos Sarnari
7%
Néstor Togneri
7%
Roberto Irañeta
7%
Rodolfo Orlandini
7%
Alfredo Devincenzi
6%
Francisco Rua
6%
Ramón Muttis
6%
Mario Chaldú
4%
No se encontraron pruebas coincidentes
Distribución de puntuación
Porcentaje de gente con cada puntuación
Porcentaje por número respondido
Historial de tus puntuaciones
No has intentado esta prueba desde el último reinicio